Pullippulikalum vellinakshathrangalum/ (Record no. 36476)

000 -LEADER
fixed length control field 00368nam a22001451a 4500
082 ## - DEWEY DECIMAL CLASSIFICATION NUMBER
Classification number M3
Item number RAD/P
100 ## - MAIN ENTRY--AUTHOR NAME
Personal name Radhakrishnan C
245 ## - TITLE STATEMENT
Title Pullippulikalum vellinakshathrangalum/
Statement of responsibility, etc by Radhakrishnan C
260 ## - PUBLICATION, DISTRIBUTION, ETC. (IMPRINT)
Place of publication Kochi:
Name of publisher High Tech,
Year of publication 1995.
300 ## - PHYSICAL DESCRIPTION
Number of Pages 468p.
650 ## - SUBJECT ADDED ENTRY--TOPICAL TERM
Topical Term Novel Malayalam
650 ## - SUBJECT ADDED ENTRY--TOPICAL TERM
Topical Term Literature Malayalam
650 ## - SUBJECT ADDED ENTRY--TOPICAL TERM
Topical Term Literature
942 ## - ADDED ENTRY ELEMENTS (KOHA)
Koha item type Book
Holdings
Withdrawn status Lost status Damaged status Not for loan Permanent Location Current Location Date acquired Cost, normal purchase price Full call number Accession Number Cost, replacement price Price effective from Koha item type Shelving location
Write off     1 Sree Sankaracharya University of Sanskrit Sree Sankaracharya University of Sanskrit 08.01.2015 165.00 M3 RAD PUL M87 001523 0.00 08.01.2015 Book  
Write off     1 Sree Sankaracharya University of Sanskrit Sree Sankaracharya University of Sanskrit 08.01.2015 260.00 M3 RAD PUL P04 047114 0.00 08.01.2015 Book  
Write off       Sree Sankaracharya University of Sanskrit Sree Sankaracharya University of Sanskrit 13.11.2023   M3 RAD/P 006781   13.11.2023 Book Stacks